[Event "España ch Universitario 2007"]
[Site "Cartagena ESP"]
[Date "2007.05.08"]
[Round "5.11"]
[White "Antoli Royo, Joaquin Miguel"]
[Black "Martinez Lozano, Miguel Angel"]
[Result "0-1"]
[WhiteElo "2356"]
[BlackElo "2194"]
[PlyCount "72"]
[EventDate "2007.05.06"]
[EventType "swiss"]
[EventRounds "9"]
[EventCountry "ESP"]
[Source "lmi"]
[SourceDate "2007.05.06"]

1. e4 c5 2. Nf3 d6 3. d4 cxd4 4. Nxd4 Nf6 5. Nc3 a6 6. Bg5 e6 7. f4 Qb6 8. Qd2
Nc6 9. Nb3 Bd7 10. O-O-O O-O-O 11. Be2 Be7 12. Rhf1 Be8 13. Bf3 Kb8 14. Qe1 h6
15. Bh4 g5 16. Bf2 Qc7 17. g3 gxf4 18. gxf4 Na5 19. Nd4 Nc4 20. Qe2 Rc8 21.
Rfe1 Nxb2 22. Kxb2 Qxc3+ 23. Kb1 Ba4 24. Rd3 Qb4+ 25. Ka1 Rc3 26. Rb1 Qc4 27.
Qe3 Rxd3 28. cxd3 Qc3+ 29. Rb2 Rc8 30. Ne2 Qc5 31. d4 Qc4 32. d5 Rc5 33. Rb1
Bc2 34. Rc1 Nxd5 35. Qd4 Nb4 36. Qb2 Nd3 0-1

[Event "España ch Universitario 2007"]
[Site "Cartagena ESP"]
[Date "2007.05.08"]
[Round "5.12"]
[White "Pallardo Lozoya, Jose Vicente"]
[Black "Torrado Quintela, Julio"]
[Result "1-0"]
[WhiteElo "2304"]
[BlackElo "2184"]
[PlyCount "51"]
[EventDate "2007.05.06"]
[EventType "swiss"]
[EventRounds "9"]
[EventCountry "ESP"]
[Source "lmi"]
[SourceDate "2007.05.06"]

1. e4 c5 2. Nc3 Nc6 3. g3 g6 4. Bg2 Bg7 5. d3 d6 6. Be3 e6 7. f4 Nge7 8. Nf3
Nd4 9. O-O O-O 10. e5 Nef5 11. Bf2 dxe5 12. Nxe5 Rb8 13. Ne4 f6 14. Nc4 b6 15.
c3 Nb5 16. Qb3 Bd7 17. Rfe1 Qc7 18. g4 Nfd6 19. f5 Nxc4 20. dxc4 Nd6 21. Nxd6
Qxd6 22. fxe6 Bxe6 23. Bg3 Qd7 24. Bxb8 Rxb8 25. Rad1 Qf7 26. Rxe6 1-0

[Event "España ch Universitario 2007"]
[Site "Cartagena ESP"]
[Date "2007.05.08"]
[Round "5.13"]
[White "Cruz Alvarez de Ron, Dan"]
[Black "Alcazar Jimenez, Jesus Alberto"]
[Result "1/2-1/2"]
[WhiteElo "2194"]
[BlackElo "2274"]
[PlyCount "53"]
[EventDate "2007.05.06"]
[EventType "swiss"]
[EventRounds "9"]
[EventCountry "ESP"]
[Source "lmi"]
[SourceDate "2007.05.06"]

1. Nf3 c5 2. g3 b6 3. Bg2 Bb7 4. O-O g6 5. c3 Bg7 6. d4 Nf6 7. Re1 O-O 8. Bf4
d5 9. Ne5 Nh5 10. Be3 Qc7 11. Nd3 Nd7 12. Nd2 e5 13. dxe5 Nxe5 14. Nxe5 Bxe5
15. Qc2 Rad8 16. Bh6 Rfe8 17. e4 d4 18. f4 d3 19. Qd1 Bg7 20. Bxg7 Nxg7 21. e5
Bxg2 22. Kxg2 Nh5 23. Nc4 Re7 24. a4 a6 25. Qf3 Ng7 26. b3 Nf5 27. Rad1 1/2-1/2

[Event "España ch Universitario 2007"]
[Site "Cartagena ESP"]
[Date "2007.05.08"]
[Round "5.14"]
[White "Rosa Cintas, Raul"]
[Black "Piay Augusto, Diego"]
[Result "0-1"]
[WhiteElo "2192"]
[BlackElo "2251"]
[PlyCount "54"]
[EventDate "2007.05.06"]
[EventType "swiss"]
[EventRounds "9"]
[EventCountry "ESP"]
[Source "lmi"]
[SourceDate "2007.05.06"]

1. d4 Nf6 2. Nf3 b6 3. c4 e6 4. Bg5 h6 5. Bh4 Bb7 6. e3 Be7 7. Nc3 c5 8. Be2
O-O 9. O-O d5 10. cxd5 Nxd5 11. Bxe7 Qxe7 12. Nxd5 Bxd5 13. dxc5 Qxc5 14. Nd4
Nd7 15. a3 Ne5 16. Rc1 Qe7 17. f4 Ng6 18. Bd3 e5 19. Nb5 exf4 20. Bxg6 Qxe3+
21. Rf2 Bb3 22. Qf1 Rfd8 23. Bh5 Be6 24. Qe1 Rd5 25. Be2 Bd7 26. Nc3 Re5 27.
Nd1 Qxc1 0-1

[Event "España ch Universitario 2007"]
[Site "Cartagena ESP"]
[Date "2007.05.08"]
[Round "5.15"]
[White "Prol Nogueira, Iago"]
[Black "Rodriguez Fontecha, Marcos"]
[Result "1-0"]
[WhiteElo "2183"]
[BlackElo "2241"]
[PlyCount "85"]
[EventDate "2007.05.06"]
[EventType "swiss"]
[EventRounds "9"]
[EventCountry "ESP"]
[Source "lmi"]
[SourceDate "2007.05.06"]

1. e4 e6 2. d3 d5 3. Qe2 Nf6 4. Nf3 Be7 5. g3 c6 6. Bg2 dxe4 7. dxe4 e5 8. O-O
Qc7 9. Nbd2 O-O 10. a4 Re8 11. Nc4 Nbd7 12. a5 Bc5 13. c3 b5 14. axb6 Nxb6 15.
b4 Bf8 16. Ra5 Nfd7 17. Ne3 Bb7 18. Nf5 c5 19. b5 c4 20. Ra2 Nc5 21. Ng5 h6 22.
Nh3 Nd3 23. Be3 Red8 24. Rfa1 Bc8 25. f4 Bc5 26. fxe5 Nxe5 27. Nf4 Bd7 28. Nh5
Bf8 29. Bd4 Bxb5 30. Qe3 f6 31. Ra5 Be8 32. Nxh6+ gxh6 33. Nxf6+ Kf7 34. Bxe5
Bd6 35. Bd4 Nd7 36. Qxh6 Be5 37. Nxe8 Rxe8 38. Rf1+ Ke7 39. Qg5+ Kd6 40. Ra6+
Nb6 41. Bxe5+ Rxe5 42. Rf6+ Kc5 43. Ra5# 1-0

[Event "España ch Universitario 2007"]
[Site "Cartagena ESP"]
[Date "2007.05.08"]
[Round "5.16"]
[White "Garcia Mendoza, Francisco"]
[Black "Paredes Sanchez, Juan"]
[Result "0-1"]
[WhiteElo "2171"]
[BlackElo "2215"]
[PlyCount "64"]
[EventDate "2007.05.06"]
[EventType "swiss"]
[EventRounds "9"]
[EventCountry "ESP"]
[Source "lmi"]
[SourceDate "2007.05.06"]

1. e4 c5 2. Nf3 d6 3. d4 cxd4 4. Qxd4 a6 5. Bg5 Nc6 6. Qd2 h6 7. Bh4 g5 8. Bg3
Bg7 9. c3 Nf6 10. Bd3 d5 11. exd5 Qxd5 12. O-O Bg4 13. Be2 O-O-O 14. Qxd5 Nxd5
15. h3 Bh5 16. Na3 e5 17. Rfe1 e4 18. Nd4 Bxe2 19. Nxc6 bxc6 20. Rxe2 f5 21.
Bh2 Rhe8 22. Nc4 Nf4 23. Bxf4 gxf4 24. Ree1 Kc7 25. Kf1 Rd5 26. g3 f3 27. Rad1
Red8 28. Rxd5 Rxd5 29. Ne3 Rb5 30. Rc1 Rxb2 31. Nxf5 Bxc3 32. Nxh6 Bd2 0-1

[Event "España ch Universitario 2007"]
[Site "Cartagena ESP"]
[Date "2007.05.08"]
[Round "5.17"]
[White "Burguete Archel, Eduardo"]
[Black "Tamayo Romay, Francisco Javier"]
[Result "*"]
[WhiteElo "2161"]
[BlackElo "2210"]
[PlyCount "59"]
[EventDate "2007.05.06"]
[EventType "swiss"]
[EventRounds "9"]
[EventCountry "ESP"]
[Source "lmi"]
[SourceDate "2007.05.06"]

1. e4 d5 2. exd5 Nf6 3. d4 Bg4 4. Bb5+ c6 5. dxc6 Nxc6 6. Bxc6+ bxc6 7. Ne2 e6
8. O-O Bd6 9. Qd3 O-O 10. c4 Qc7 11. h3 Bf5 12. Qf3 Be4 13. Qe3 c5 14. Nbc3
cxd4 15. Nxd4 Bb7 16. Ncb5 Bh2+ 17. Kh1 Qb8 18. f4 Bxf4 19. Rxf4 e5 20. Rxf6
exd4 21. Qg5 Qc8 22. Rf1 Qxc4 23. Bd2 h6 24. Qf5 g6 25. Qf6 Qd3 26. Rf2 Qxh3+
27. Kg1 Qh5 28. Nxd4 Kh7 29. Bc3 Rae8 30. Ne6 *

[Event "España ch Universitario 2007"]
[Site "Cartagena ESP"]
[Date "2007.05.08"]
[Round "5.18"]
[White "Mengual Bolo, Carlos"]
[Black "Fernandez Barrera, Victor"]
[Result "0-1"]
[WhiteElo "2145"]
[BlackElo "2202"]
[PlyCount "68"]
[EventDate "2007.05.06"]
[EventType "swiss"]
[EventRounds "9"]
[EventCountry "ESP"]
[Source "lmi"]
[SourceDate "2007.05.06"]

1. e4 e6 2. d4 d5 3. exd5 exd5 4. Bd3 Nc6 5. Ne2 Nb4 6. Bb5+ c6 7. Ba4 Bd6 8.
c3 Na6 9. Qd3 Ne7 10. Ng3 h5 11. Bc2 h4 12. Ne2 Qc7 13. h3 Bf5 14. Qd1 O-O-O
15. Be3 Rdg8 16. Nd2 g5 17. Qb1 Qd7 18. f3 Bxc2 19. Qxc2 Nf5 20. Bf2 Re8 21.
Kd1 Bg3 22. Nxg3 hxg3 23. Bg1 Qe6 24. Kc1 Qe1+ 25. Qd1 Rh6 26. Kc2 Qxd1+ 27.
Rxd1 Re2 28. Kd3 Rxg2 29. Re1 Nc7 30. Be3 Ne6 31. Re2 Rxe2 32. Kxe2 Nf4+ 33.
Bxf4 gxf4 34. Nb3 Re6+ 0-1

[Event "España ch Universitario 2007"]
[Site "Cartagena ESP"]
[Date "2007.05.08"]
[Round "5.19"]
[White "Jimenez Martinez, Jose Vicente"]
[Black "Eyo Castro-Rial, Alberto"]
[Result "1-0"]
[WhiteElo "2202"]
[BlackElo "2176"]
[PlyCount "35"]
[EventDate "2007.05.06"]
[EventType "swiss"]
[EventRounds "9"]
[EventCountry "ESP"]
[Source "lmi"]
[SourceDate "2007.05.06"]

1. d4 f5 2. c4 Nf6 3. Nc3 g6 4. h4 Bg7 5. h5 Nxh5 6. Rxh5 gxh5 7. e4 O-O 8.
Qxh5 Qe8 9. Qh4 e6 10. Bf4 d6 11. O-O-O Nc6 12. Nf3 Qg6 13. e5 Qg4 14. Qh2 dxe5
15. Nxe5 Nxe5 16. dxe5 a6 17. Be2 Qg6 18. Bh5 1-0

[Event "España ch Universitario 2007"]
[Site "Cartagena ESP"]
[Date "2007.05.08"]
[Round "5.20"]
[White "Alcazar Jimenez, Victor"]
[Black "Cardona Cervera, Joaquin"]
[Result "1-0"]
[WhiteElo "2423"]
[BlackElo "2148"]
[PlyCount "115"]
[EventDate "2007.05.06"]
[EventType "swiss"]
[EventRounds "9"]
[EventCountry "ESP"]
[Source "lmi"]
[SourceDate "2007.05.06"]

1. e4 Nf6 2. e5 Nd5 3. d4 d6 4. c4 Nb6 5. exd6 exd6 6. Nc3 Bf5 7. Be3 Be7 8.
Nf3 Nc6 9. Be2 O-O 10. O-O Bf6 11. d5 Ne5 12. Nd4 Qd7 13. b3 Rae8 14. Nxf5 Qxf5
15. Nb5 Qd7 16. Nxa7 Ng6 17. Bg4 Qe7 18. Bd4 Bxd4 19. Qxd4 Qe5 20. Rfd1 Re7 21.
Nb5 Rfe8 22. Qxe5 Nxe5 23. Be2 Nc8 24. g3 g5 25. Nd4 Rd7 26. Bf1 Ne7 27. f3 h5
28. Kf2 c6 29. dxc6 bxc6 30. Rd2 d5 31. Re1 f6 32. Ne6 Nf5 33. cxd5 Rxd5 34.
Rxd5 cxd5 35. Nc7 Rd8 36. Rd1 d4 37. Ne6 Rd6 38. Nc5 Ne3 39. Ra1 g4 40. f4 Nf3
41. Bd3 f5 42. a4 h4 43. gxh4 Rh6 44. a5 Rxh4 45. Rh1 Rh3 46. a6 g3+ 47. hxg3
Rxh1 48. a7 Ra1 49. Na4 Nh2 50. a8=Q+ Kg7 51. Qb7+ Kg6 52. Qc6+ Kh5 53. Qe8+
Kh6 54. Qe6+ Kg7 55. Qe7+ Kg6 56. Qg5+ Kf7 57. Bc4+ Nxc4 58. Qxf5+ 1-0

[Event "España ch Universitario 2007"]
[Site "Cartagena ESP"]
[Date "2007.05.08"]
[Round "5.21"]
[White "Garcia Brion, Eduardo"]
[Black "Gonzalez Menendez, Ivan"]
[Result "0-1"]
[WhiteElo "2157"]
[BlackElo "2401"]
[PlyCount "82"]
[EventDate "2007.05.06"]
[EventType "swiss"]
[EventRounds "9"]
[EventCountry "ESP"]
[Source "lmi"]
[SourceDate "2007.05.06"]

1. e4 e6 2. d4 d5 3. Nd2 Nf6 4. e5 Nfd7 5. Bd3 c5 6. c3 Nc6 7. Ngf3 Qb6 8. O-O
g6 9. dxc5 Qc7 10. Re1 Ndxe5 11. Nxe5 Nxe5 12. Bb5+ Bd7 13. Bxd7+ Nxd7 14. Nb3
Be7 15. Bh6 O-O-O 16. Qd4 Bxc5 17. Nxc5 Qxc5 18. Qa4 a6 19. Be3 Qb5 20. Qf4 f6
21. a4 Qc6 22. b4 e5 23. Qf3 Qc4 24. a5 Kb8 25. Reb1 Qb5 26. Rd1 e4 27. Qh3 Ne5
28. Qe6 Qc6 29. Qxc6 bxc6 30. Bd4 Rhf8 31. Bxe5+ fxe5 32. Rd2 Rd7 33. Rad1 Kc7
34. c4 Rfd8 35. cxd5 Rxd5 36. Rxd5 cxd5 37. Rc1+ Kd6 38. g4 Rb8 39. h4 Rb5 40.
Rc8 e3 41. f3 Rxb4 0-1

[Event "España ch Universitario 2007"]
[Site "Cartagena ESP"]
[Date "2007.05.08"]
[Round "5.22"]
[White "Claros Egea, Christian"]
[Black "Salas Romero, Santiago"]
[Result "1-0"]
[WhiteElo "2273"]
[BlackElo "2136"]
[PlyCount "68"]
[EventDate "2007.05.06"]
[EventType "swiss"]
[EventRounds "9"]
[EventCountry "ESP"]
[Source "lmi"]
[SourceDate "2007.05.06"]

1. e4 c5 2. Nf3 e6 3. d3 Nc6 4. g3 d6 5. Bg2 g6 6. O-O Bg7 7. c3 Nge7 8. Be3
O-O 9. d4 cxd4 10. Nxd4 d5 11. exd5 Nxd5 12. Nxc6 bxc6 13. Bc5 Re8 14. Nd2 f5
15. Qc2 Qc7 16. Rfd1 Ba6 17. Nb3 Rad8 18. c4 Nb6 19. Na5 Nd7 20. Bb4 c5 21. Bc3
Ne5 22. Rxd8 Rxd8 23. Re1 Rd4 24. Bxd4 cxd4 25. Qa4 Kf7 26. Nc6 Nd3 27. Rb1 Qb6
28. b4 Bxc4 29. b5 Bd5 30. Bxd5 exd5 31. Qxa7+ Qxa7 32. Nxa7 Nc5 33. b6 Be5 34.
b7 Na6 1-0

[Event "España ch Universitario 2007"]
[Site "Cartagena ESP"]
[Date "2007.05.08"]
[Round "5.23"]
[White "Lorente Peñalva, Diego"]
[Black "Rada Equiza, Miguel"]
[Result "0-1"]
[WhiteElo "2149"]
[BlackElo "2261"]
[PlyCount "42"]
[EventDate "2007.05.06"]
[EventType "swiss"]
[EventRounds "9"]
[EventCountry "ESP"]
[Source "lmi"]
[SourceDate "2007.05.06"]

1. e4 e5 2. Nf3 Nc6 3. Nc3 Nf6 4. d4 exd4 5. Nxd4 Bc5 6. Be3 Bb6 7. Bc4 O-O 8.
f3 Ne5 9. Bb3 c5 10. Nf5 c4 11. Ba4 d5 12. Bxb6 axb6 13. Qd4 Bxf5 14. Qxe5 Bxe4
15. fxe4 Rxa4 16. Nxa4 Re8 17. Qg5 Rxe4+ 18. Kf1 h6 19. Qd2 Ng4 20. Re1 Qf6+
21. Kg1 Qd4+ 0-1

[Event "España ch Universitario 2007"]
[Site "Cartagena ESP"]
[Date "2007.05.08"]
[Round "5.25"]
[White "Pita-Romero Rodriguez, Rafael"]
[Black "Cortes Lizano, Jesus"]
[Result "1-0"]
[WhiteElo "2135"]
[BlackElo "2247"]
[PlyCount "47"]
[EventDate "2007.05.06"]
[EventType "swiss"]
[EventRounds "9"]
[EventCountry "ESP"]
[Source "lmi"]
[SourceDate "2007.05.06"]

1. e4 c5 2. Nc3 d6 3. f4 Nf6 4. Nf3 g6 5. Bc4 Bg7 6. O-O O-O 7. d3 Nc6 8. Qe1
e6 9. Qh4 Nd4 10. f5 d5 11. Bb3 dxe4 12. dxe4 c4 13. e5 Nxf3+ 14. Rxf3 exf5 15.
exf6 Bxf6 16. Qxc4 Be6 17. Qf1 Re8 18. Rd3 Qa5 19. Bd2 Bg7 20. Kh1 Bxb3 21.
axb3 Qc7 22. Bf4 Be5 23. Bxe5 Rxe5 24. Rad1 1-0

[Event "España ch Universitario 2007"]
[Site "Cartagena ESP"]
[Date "2007.05.08"]
[Round "5.26"]
[White "Dougan Maho, Harold"]
[Black "Pazos Porta, Antonio"]
[Result "0-1"]
[WhiteElo "2232"]
[BlackElo "2129"]
[PlyCount "106"]
[EventDate "2007.05.06"]
[EventType "swiss"]
[EventRounds "9"]
[EventCountry "ESP"]
[Source "lmi"]
[SourceDate "2007.05.06"]

1. e4 c5 2. f4 e6 3. Qe2 Nc6 4. Nf3 Be7 5. g3 d5 6. d3 Nf6 7. c3 O-O 8. Bg2 c4
9. dxc4 Nxe4 10. Nbd2 Nxd2 11. Bxd2 dxc4 12. Qxc4 Bd7 13. O-O Qb6+ 14. Kh1 Na5
15. Qd4 Bb5 16. Qxb6 axb6 17. Rfe1 Nc4 18. Bc1 Bc6 19. Ne5 Nxe5 20. Rxe5 Rfd8
21. Re1 Rd3 22. Be3 Bxg2+ 23. Kxg2 Bc5 24. Kf2 Rad8 25. Re2 Rxe3 26. Rxe3 Rd2+
27. Kf3 Bxe3 28. Kxe3 Rxb2 29. Rd1 g6 30. Rd7 Rc2 31. Kd3 Rxa2 32. Rxb7 Rxh2
33. Rxb6 Rg2 34. c4 Rxg3+ 35. Kd4 Rf3 36. Ke5 Kg7 37. c5 Rc3 38. c6 h5 39. Kd6
Kf6 40. Rb5 h4 41. c7 h3 42. Rc5 Rxc5 43. Kxc5 h2 44. c8=Q h1=Q 45. Qd8+ Kg7
46. Qd4+ Kh7 47. Qf6 Qd5+ 48. Kb6 Qf5 49. Qh4+ Kg7 50. Kc6 Qe4+ 51. Kd7 e5 52.
Ke8 Qxf4 53. Qe7 Qa4+ 0-1

[Event "España ch Universitario 2007"]
[Site "Cartagena ESP"]
[Date "2007.05.08"]
[Round "5.27"]
[White "Paredes Cordo, Jacobo Borja"]
[Black "Pavon Cardenas, Jesus M"]
[Result "1-0"]
[WhiteElo "2211"]
[BlackElo "2122"]
[PlyCount "117"]
[EventDate "2007.05.06"]
[EventType "swiss"]
[EventRounds "9"]
[EventCountry "ESP"]
[Source "lmi"]
[SourceDate "2007.05.06"]

1. e4 e5 2. Nf3 Nc6 3. d4 exd4 4. Bc4 d6 5. Nxd4 Nxd4 6. Qxd4 Qf6 7. Qd3 Ne7 8.
Nc3 Bd7 9. Be3 Qg6 10. O-O-O Qh5 11. f4 a6 12. f5 b5 13. Bb3 b4 14. Nd5 Nxd5
15. Qxd5 c6 16. Qc4 d5 17. exd5 Be7 18. g4 Qh3 19. Rhe1 cxd5 20. Qxd5 O-O 21.
Qxd7 Bh4 22. Bc5 Bxe1 23. Rxe1 Qh4 24. Qe7 Qxh2 25. Bd5 Rac8 26. f6 g6 27. Be6
Rxc5 28. Qxc5 fxe6 29. Qxb4 Rxf6 30. Qe7 Qf4+ 31. Kb1 Qd2 32. Rh1 Qg2 33. Qxh7+
Kf8 34. Qh8+ Ke7 35. Qh7+ Rf7 36. Qh4+ Ke8 37. Rd1 Rf1 38. Qd8+ Kf7 39. Qd7+
Kf6 40. Qd8+ Kf7 41. Qc7+ Kf8 42. Qd6+ Kf7 43. a4 Qg1 44. Qc7+ Kf8 45. Rxf1+
Qxf1+ 46. Ka2 Qf3 47. Qd6+ Kf7 48. Qxa6 Qxg4 49. a5 Qe4 50. Qa7+ Kf6 51. b3
Qxc2+ 52. Ka3 Qc1+ 53. Kb4 Qd2+ 54. Kb5 Qe2+ 55. Kc6 Qe4+ 56. Kc7 Qe5+ 57. Kc8
Qc3+ 58. Qc7 Qd3 59. Qd8+ 1-0

[Event "España ch Universitario 2007"]
[Site "Cartagena ESP"]
[Date "2007.05.08"]
[Round "5.28"]
[White "Aymerich Rosell, Pablo"]
[Black "Martinez Piqueras, Carlos Gustavo"]
[Result "1/2-1/2"]
[WhiteElo "2208"]
[BlackElo "2090"]
[PlyCount "25"]
[EventDate "2007.05.06"]
[EventType "swiss"]
[EventRounds "9"]
[EventCountry "ESP"]
[Source "lmi"]
[SourceDate "2007.05.06"]

1. d4 Nf6 2. c4 g6 3. Nc3 Bg7 4. e4 d6 5. Nf3 O-O 6. Be2 e5 7. O-O Nc6 8. d5
Ne7 9. b4 Nh5 10. Re1 Nf4 11. Bxf4 exf4 12. Rc1 f5 13. Bf1 1/2-1/2

[Event "España ch Universitario 2007"]
[Site "Cartagena ESP"]
[Date "2007.05.08"]
[Round "5.29"]
[White "Sarralde Osua, Rodrigo"]
[Black "Villar Nieves, Antonio"]
[Result "0-1"]
[WhiteElo "2139"]
[BlackElo "2183"]
[PlyCount "66"]
[EventDate "2007.05.06"]
[EventType "swiss"]
[EventRounds "9"]
[EventCountry "ESP"]
[Source "lmi"]
[SourceDate "2007.05.06"]

1. e4 c5 2. Nf3 Nc6 3. Bb5 g6 4. O-O Bg7 5. c3 e5 6. Re1 Nge7 7. d3 O-O 8. Nbd2
d6 9. a4 h6 10. d4 cxd4 11. cxd4 exd4 12. Nb3 Qb6 13. Bf4 Rd8 14. Qe2 a6 15.
Bc4 Be6 16. Bxe6 fxe6 17. Qc4 d5 18. exd5 exd5 19. Qd3 Rf8 20. Bg3 Nf5 21. Re6
Nxg3 22. hxg3 g5 23. Rae1 Qb4 24. R1e2 Rad8 25. Qg6 d3 26. R2e3 Rd7 27. Rxd3
Rdf7 28. Nbd2 g4 29. Rb3 Qxa4 30. Nh4 Qd4 31. Rd3 Qxf2+ 32. Kh2 Nd4 33. Rd6 Ne2
0-1

[Event "España ch Universitario 2007"]
[Site "Cartagena ESP"]
[Date "2007.05.08"]
[Round "5.30"]
[White "Perez Felipe, Marcos Adrian"]
[Black "Perez Mauricio, Xoel"]
[Result "0-1"]
[WhiteElo "2177"]
[BlackElo "2120"]
[PlyCount "78"]
[EventDate "2007.05.06"]
[EventType "swiss"]
[EventRounds "9"]
[EventCountry "ESP"]
[Source "lmi"]
[SourceDate "2007.05.06"]

1. d4 d6 2. c4 Nf6 3. Nc3 g6 4. e4 Bg7 5. f3 O-O 6. Bg5 c5 7. d5 h6 8. Be3 e6
9. Qd2 exd5 10. cxd5 h5 11. Nge2 a6 12. a4 Nbd7 13. Nc1 Rb8 14. Be2 Qc7 15. O-O
Nh7 16. f4 f5 17. exf5 Rxf5 18. Bd3 Rf6 19. Qc2 Ndf8 20. Ne4 Rf7 21. Rb1 b5 22.
axb5 axb5 23. b3 Bf5 24. Ne2 h4 25. Ng5 Nxg5 26. fxg5 Qe7 27. Bf4 Re8 28. Rbe1
Bxd3 29. Qxd3 Qd7 30. Bd2 Be5 31. Nc3 Bd4+ 32. Kh1 Rxe1 33. Rxe1 Qf5 34. Ne4 h3
35. gxh3 Qxd5 36. Be3 Ne6 37. Bxd4 Nxd4 38. Qg3 Nf3 39. Re3 Qd1+ 0-1

[Event "España ch Universitario 2007"]
[Site "Cartagena ESP"]
[Date "2007.05.08"]
[Round "5.31"]
[White "Criado Lopez, Alberto"]
[Black "Alonso Alvarez, Aitor"]
[Result "0-1"]
[WhiteElo "2014"]
[BlackElo "2165"]
[PlyCount "80"]
[EventDate "2007.05.06"]
[EventType "swiss"]
[EventRounds "9"]
[EventCountry "ESP"]
[Source "lmi"]
[SourceDate "2007.05.06"]

1. e4 c5 2. Nf3 Nc6 3. d4 cxd4 4. Nxd4 g6 5. Nc3 Bg7 6. Nb3 Nf6 7. Be2 O-O 8.
O-O a5 9. a4 Nb4 10. Re1 d5 11. exd5 Nfxd5 12. Nxd5 Nxd5 13. c3 e6 14. Bf3 Rb8
15. Nd4 Qd7 16. Nb5 Re8 17. Bxd5 exd5 18. Bf4 Rxe1+ 19. Qxe1 Ra8 20. Nc7 Ra7
21. Rd1 Qxa4 22. Rxd5 Qxf4 23. Rd8+ Bf8 24. Rxc8 Qf5 25. Rd8 b6 26. Nd5 Qg5 27.
Rxf8+ Kxf8 28. Nxb6 Qd8 29. Nc4 Rd7 30. Ne3 Rd2 31. Qa1 Qd3 32. g3 Qe2 33. Qf1
Qxf1+ 34. Kxf1 Rxb2 35. Nc4 Rb1+ 36. Ke2 a4 37. Kd2 Ra1 38. Nb2 a3 39. Nd3 a2
40. Nb4 Rf1 0-1

[Event "España ch Universitario 2007"]
[Site "Cartagena ESP"]
[Date "2007.05.08"]
[Round "5.32"]
[White "Gonzalez Merino, Francisco"]
[Black "Gimenez Carretero, Antonio E"]
[Result "*"]
[WhiteElo "2159"]
[BlackElo "2027"]
[PlyCount "55"]
[EventDate "2007.05.06"]
[EventType "swiss"]
[EventRounds "9"]
[EventCountry "ESP"]
[Source "lmi"]
[SourceDate "2007.05.06"]

1. Nf3 Nf6 2. g3 d5 3. Bg2 c6 4. O-O Nbd7 5. c4 e5 6. cxd5 cxd5 7. d4 e4 8.
Nfd2 Bd6 9. f3 exf3 10. exf3 O-O 11. Nc3 Re8 12. Nb3 a6 13. Ne2 b5 14. Bf4 Nb6
15. Nd2 Bf5 16. Re1 Na4 17. Bxd6 Qxd6 18. Qb3 Rac8 19. Nc3 Qb6 20. Qb4 Rxe1+
21. Rxe1 Nxb2 22. Nxd5 Nxd5 23. Qxb2 h6 24. Ne4 Rc4 25. Nc5 Rc2 26. Qb3 Qa5 27.
Re8+ Kh7 28. Qxd5 *

[Event "España ch Universitario 2007"]
[Site "Cartagena ESP"]
[Date "2007.05.08"]
[Round "5.51"]
[White "Roig Aguilar, Alejandro"]
[Black "Canicio Navarro, Sonia"]
[Result "1-0"]
[WhiteElo "2102"]
[BlackElo "1895"]
[PlyCount "57"]
[EventDate "2007.05.06"]
[EventType "swiss"]
[EventRounds "9"]
[EventCountry "ESP"]
[Source "lmi"]
[SourceDate "2007.05.06"]

1. d4 e6 2. c4 d5 3. Nc3 c5 4. e3 Nc6 5. Nf3 Nf6 6. a3 a6 7. Be2 dxc4 8. Bxc4
b5 9. Bb3 Bb7 10. O-O cxd4 11. exd4 Be7 12. Re1 Na5 13. Bc2 Nd5 14. Ne4 Rc8 15.
Bd3 O-O 16. Nfg5 Bxg5 17. Bxg5 f6 18. Bd2 Nc4 19. Nc5 Qe7 20. Nxe6 Nxb2 21.
Bxh7+ Kxh7 22. Nxf8+ Qxf8 23. Qb1+ Kh8 24. Qxb2 Nb6 25. Bb4 Qf7 26. Qe2 Qd5 27.
Qg4 Rd8 28. Re7 Rd7 29. Qxg7# 1-0

[Event "España ch Universitario 2007"]
[Site "Cartagena ESP"]
[Date "2007.05.08"]
[Round "5.60"]
[White "Wu Martin, Eneko"]
[Black "Cordero Pedrosa, Elena"]
[Result "1-0"]
[WhiteElo "2079"]
[BlackElo "1872"]
[PlyCount "63"]
[EventDate "2007.05.06"]
[EventType "swiss"]
[EventRounds "9"]
[EventCountry "ESP"]
[Source "lmi"]
[SourceDate "2007.05.06"]

1. e4 g6 2. d4 Bg7 3. Nc3 c5 4. Nf3 cxd4 5. Nxd4 Nc6 6. Be3 d6 7. Qd2 Nf6 8. f3
O-O 9. Bc4 Bd7 10. O-O-O Na5 11. Bb3 Nxb3+ 12. Nxb3 b5 13. Bh6 a5 14. Bxg7 Kxg7
15. g4 a4 16. Nd4 b4 17. Nd5 b3 18. cxb3 axb3 19. a3 Ba4 20. h4 e5 21. Ne2 Nxd5
22. Qxd5 Qb6 23. Qd2 Rfc8+ 24. Nc3 Rc6 25. Kb1 Qa5 26. h5 Rac8 27. hxg6 hxg6
28. Qh6+ Kf6 29. Nd5+ Ke6 30. Qg5 Qd8 31. Qe3 Rc2 32. Nb6 1-0

[Event "España ch Universitario 2007"]
[Site "Cartagena ESP"]
[Date "2007.05.08"]
[Round "5.61"]
[White "Rey Garcia, Tomas"]
[Black "Jimenez Lopez, Antonio"]
[Result "1/2-1/2"]
[WhiteElo "2052"]
[BlackElo "2131"]
[PlyCount "26"]
[EventDate "2007.05.06"]
[EventType "swiss"]
[EventRounds "9"]
[EventCountry "ESP"]
[Source "lmi"]
[SourceDate "2007.05.06"]

1. d4 g6 2. e4 Bg7 3. Nc3 d6 4. Be2 Nf6 5. Nf3 O-O 6. O-O c5 7. dxc5 dxc5 8.
Qxd8 Rxd8 9. h3 a6 10. Be3 b6 11. Rad1 Re8 12. e5 Nfd7 13. Bf4 Bb7 1/2-1/2

[Event "España ch Universitario 2007"]
[Site "Cartagena ESP"]
[Date "2007.05.08"]
[Round "5.67"]
[White "Alcaraz Soriano, Angela"]
[Black "Catalina Ledesma, Eduardo"]
[Result "1-0"]
[WhiteElo "2007"]
[BlackElo "1973"]
[PlyCount "31"]
[EventDate "2007.05.06"]
[EventType "swiss"]
[EventRounds "9"]
[EventCountry "ESP"]
[Source "lmi"]
[SourceDate "2007.05.06"]

1. d4 c5 2. d5 e5 3. c4 d6 4. Nc3 Ne7 5. e4 Ng6 6. Bd3 Be7 7. Nge2 O-O 8. O-O
f5 9. f4 Qe8 10. fxe5 Nxe5 11. exf5 Qh5 12. Bf4 Nxd3 13. Qxd3 Rxf5 14. Ng3 Qf7
15. Nxf5 Bxf5 16. Qg3 1-0

[Event "España ch Universitario 2007"]
[Site "Cartagena ESP"]
[Date "2007.05.08"]
[Round "5.75"]
[White "Marco Francisco, Miriam"]
[Black "Margalef Hernandez, Jesus"]
[Result "1/2-1/2"]
[WhiteElo "1928"]
[BlackElo "1931"]
[PlyCount "33"]
[EventDate "2007.05.06"]
[EventType "swiss"]
[EventRounds "9"]
[EventCountry "ESP"]
[Source "lmi"]
[SourceDate "2007.05.06"]

1. e4 d5 2. exd5 Qxd5 3. Nc3 Qd8 4. g3 Nc6 5. Bg2 e6 6. Nf3 Bd6 7. d3 Nge7 8.
O-O O-O 9. Ne4 Ng6 10. Re1 Be7 11. Be3 Bd7 12. Bc5 Re8 13. Bxe7 Ncxe7 14. Qd2
Bc6 15. Rad1 Bxe4 16. dxe4 Qxd2 17. Rxd2 1/2-1/2